000 00584nam a2200169 i 4500
001 95918
003 ES-MaACL
005 20230906181813.0
007 t|
008 050608s1967 sp ||||1| spa d
100 1 _aMckenna, Joseph P.
_979590
245 1 0 _aCurso medio de teoría económica /
_cpor Joseph P. McKenna; versión española por José Manuel de la Torre y de Miguel.
260 _aBarcelona :
_bMarcombo,
_c1967.
300 _aXII, 275 p., 1 h. ple. :
_bil. ;
_c22 cm.
700 1 _aTorre y de Miguel, José Manuel de la.
_9110793
852 _aES-MaACL
_jC-33748
_bR.64812
999 _c95918
_d95918